000 00396cam a22001217a 4500
008 180718b1992 xxu||||| |||| 00| 0 eng d
082 _aL8x5452 T152/1/1992
100 _aTamil Nadu. Department of Finance
245 _aTamil Nadu account code: general principles and methods of accounts
260 _aMadras
_bFinance Department
_c1992
300 _a4v.
650 _aAccounting - India - Tamil Nadu
999 _c475592
_d475592